01813nam a22001697a 4500999001700000020001800017082001700035245005400052260004300106300001700149504001900166520122500185650008001410700002001490942001201510952012101522 c25589d25589 a9781856049344 a025.84bDIG- aDigital Archivesb: management, use and access  aLondon bFacet Publishingc2018  axxxii, 183p. aInclude Index  aThis landmark edited collection offers a wide-ranging overview of how rapid technological changes and the drive to provide access to every growing digitized cultural heritage holdings are changing the landscape of archives. Digital Archives provides inspirational and informative chapters from international experts, which will help the reader understand the drivers for change and development in archives and their implications. Reassessment of the role of the archive in the digital environment serves to develop critical approaches to current trends in the broader heritage sector, including cultural industries experimenting with sustainable business models for cultural production, digitization of analogue cultural heritage, and the related intellectual property issues surrounding the re-use of digital objects and data for research, education, advocacy and art. Content covered includes: legal issues surrounding digital archives, managing research data archives, tools to serve emerging needs in digital humanities research, building digital archives using state of the art solutions, trust in digital repositories to ensure long-term access, [and] participatory approaches in archives"-- Provided by publisher. aInformation CentervArchives--DigitizationzArchives--Collection management aDobreva, Milena 2ddccBK 00104070aNASSDOCbNASSDOCd2019-03-26eOPi2019-03-26l0o025.84 DIG-p50320r2019-08-30 00:00:00w2019-03-26yBK